01086nam a2200277Ia 450000500170000000800270001702000180004410000310006224501440009325000350023730001000027249000260037253400370039865000300043565000350046565000290050065000410052970000340057070000370060426400330064133600270067433700330070133800280073404000350076208400110079720220317000330.0141031s9999 ck 000 0 spa d a97895830089861 aCarroll, Lewis,d1832-189810aAlicia en el país de las maravillas - el conejo - cLewis Carroll ; ilustraciones de Henry González ; traducción Mercedes Guhl Corpas a1a ediciónb2a reimpresión axxx, 190, 26 páginasbilustraciones a color, retratos en color sepia y blanco y negroc20 cm. aBiblioteca del cuento tAlice's adventures in wonderland142LEMBaLiteratura infantil142LEMBaconejos en la literatura142LEMBacuentos infantiles142LEMBaFantasíavCuentos infantiles1 aGonzález, Henryeilustrador1 aGuhl Corpas, Mercedesetraductor aBogotábPanamericanac2008 atextobtxt2rdacontent asin mediaciónbn2rdamedia avolumenbnc2rdacarrier aCO-BoRNBPbspaerdacCO-BoRNBP aC CAR3